Just like someone without mental illness only more so : (Record no. 1058)
[ view plain ]
| 000 -LEADER | |
|---|---|
| fixed length control field | 01982cam a2200433 a 4500 |
| 005 - DATE AND TIME OF LATEST TRANSACTION | |
| control field | 20260322212045.0 |
| 008 - FIXED-LENGTH DATA ELEMENTS--GENERAL INFORMATION | |
| fixed length control field | data |
| 010 ## - LIBRARY OF CONGRESS CONTROL NUMBER | |
| LC control number | 2010009765 |
| 020 ## - INTERNATIONAL STANDARD BOOK NUMBER | |
| International Standard Book Number | 9780385343794 (alk. paper) |
| 020 ## - INTERNATIONAL STANDARD BOOK NUMBER | |
| International Standard Book Number | 0385343795 (alk. paper) |
| 040 ## - CATALOGING SOURCE | |
| Original cataloging agency | DLC |
| Transcribing agency | DLC |
| Modifying agency | PZU |
| -- | BTCTA |
| -- | YDXCP |
| -- | JST |
| -- | JRS |
| -- | BUR |
| -- | VP@ |
| -- | DEBSZ |
| -- | PZU |
| 041 09 - LANGUAGE CODE | |
| Language code of text/sound track or separate title | eng |
| 042 ## - AUTHENTICATION CODE | |
| Authentication code | nlmcopyc |
| 043 ## - GEOGRAPHIC AREA CODE | |
| Geographic area code | n-us-ma |
| 044 ## - COUNTRY OF PUBLISHING/PRODUCING ENTITY CODE | |
| -- | United States |
| 050 00 - LIBRARY OF CONGRESS CALL NUMBER | |
| Classification number | RJ43.V66 |
| Item number | A3 2010 |
| 060 10 - NATIONAL LIBRARY OF MEDICINE CALL NUMBER | |
| Classification number | WM 203 |
| 082 00 - DEWEY DECIMAL CLASSIFICATION NUMBER | |
| Classification number | B |
| -- | B |
| Edition information | 22 |
| 099 ## - LOCAL FREE-TEXT CALL NUMBER (OCLC) | |
| Classification number | VONNEM |
| 001 - CONTROL NUMBER | |
| control field | data |
| 100 1# - MAIN ENTRY--PERSONAL NAME | |
| Personal name | Vonnegut, Mark. |
| 245 10 - TITLE STATEMENT | |
| Title | Just like someone without mental illness only more so : |
| Remainder of title | a memoir / |
| Statement of responsibility, etc. | Mark Vonnegut. |
| 250 ## - EDITION STATEMENT | |
| Edition statement | 1st ed. |
| 260 ## - PUBLICATION, DISTRIBUTION, ETC. | |
| Place of publication, distribution, etc. | New York : |
| Name of publisher, distributor, etc. | Delacorte Press, |
| Date of publication, distribution, etc. | c2010. |
| 300 ## - PHYSICAL DESCRIPTION | |
| Extent | xviii, 203 p. : |
| Other physical details | ill., ports. ; |
| Dimensions | 22 cm. |
| 500 ## - GENERAL NOTE | |
| General note | The author, Mark Vonnegut, is the son of the late author, Kurt Vonnegut. |
| 520 ## - SUMMARY, ETC. | |
| Summary, etc. | More than thirty years after the publication of his acclaimed memoir The Eden Express, Mark Vonnegut continues his remarkable story in this searingly funny, iconoclastic account of coping with mental illness, finding his calling as a pediatrician, and learning that willpower isn't nearly enough. Here is the world after Mark was released from a mental hospital to find his family forever altered. After nineteen rejections, Mark was accepted to Harvard Medical School, where he gained purpose, a life, and some control over his condition. Ultimately a tribute to the small, daily, and positive parts of a life interrupted by bipolar disorder, this is a wise, unsentimental, and inspiring book that will resonate with generations of readers.--From publisher description. |
| 600 12 - SUBJECT ADDED ENTRY--PERSONAL NAME | |
| Personal name | Vonnegut, Mark. |
| 650 12 - SUBJECT ADDED ENTRY--TOPICAL TERM | |
| Topical term or geographic name entry element | Schizophrenia |
| 650 22 - SUBJECT ADDED ENTRY--TOPICAL TERM | |
| Topical term or geographic name entry element | Famous Persons |
| 650 22 - SUBJECT ADDED ENTRY--TOPICAL TERM | |
| Topical term or geographic name entry element | Mentally Ill Persons |
| 650 22 - SUBJECT ADDED ENTRY--TOPICAL TERM | |
| Topical term or geographic name entry element | Pediatrics |
| 651 #2 - SUBJECT ADDED ENTRY--GEOGRAPHIC NAME | |
| Geographic name | Boston |
| 651 #2 - SUBJECT ADDED ENTRY--GEOGRAPHIC NAME | |
| Geographic name | Massachusetts |
| 655 #2 - INDEX TERM--GENRE/FORM | |
| Genre/form data or focus term | Autobiography |
| 992 ## - | |
| -- | P3 |
| -- | EF |
| -- | 20110330 |
| 993 ## - | |
| -- | REG |
| -- | 20110404 |
| 994 ## - | |
| -- | CDN |
| -- | 20110408 |
| Withdrawn status | Lost status | Damaged status | Not for loan | Home library | Current library | Shelving location | Date acquired | Total checkouts | Full call number | Barcode | Date last seen | Price effective from | Koha item type |
|---|---|---|---|---|---|---|---|---|---|---|---|---|---|
| Franklin | Franklin | General stacks | 22/03/2026 | 618.92/8980092 B 22 | BC0011092 | 22/03/2026 | 22/03/2026 | Books |